00678nam a2200241 a 4500001001300000003000900013005001700022008004100039020000800080082001700088100001700105245005600122260003700178300000900215500003500224505001300259650002300272700001700295902000800312942000700320952009400327999001500421nice12345678IN_TiNIC20260116011501.0050524s1946 alia grp 000 0 eng  ac300a181.07bUMA1 aUmaruddin, M aSome Fundamental Aspects of Imam Ghazzali`s Thought aAligarhbIrshad Book Depotc1946 a193p aincludes index and biblioraphy2 aAppendix aPhilosophy-Islamic1 aUmaruddin, M bSRS cBK 00104070aHMIbHMId2005-05-24g3.00l0o181.07 UMA1p1643r2005-05-24w2026-01-16yEB c1939d1939